| 000 | 00699cam a2200229 4500 | ||
|---|---|---|---|
| 001 | 5561 | ||
| 005 | 20230410102057.0 | ||
| 008 | 060907n2006 dr spa | ||
| 020 | _a84951192206 | ||
| 035 | _9funglode5608 | ||
| 041 | _aspa | ||
| 050 | 1 | 4 |
_a118 JL 1138 _bG887h 2006 |
| 082 | 0 | 0 |
_a324.97293/05 _221 |
| 100 | 1 | _aGrullón, Sandino | |
| 245 | 1 | 0 |
_aHistoria electoral dominicana siglo XX : _b1900-2004 / _cSandino Grullón. |
| 250 | _a2a ed. corregida y ampliada. | ||
| 260 |
_aSanto Domingo : _bServicios Gráficos Tito, _c2006 |
||
| 300 | _a555 p. | ||
| 650 | 0 |
_aElections _zDominican Republic _xHistory. |
|
| 650 | 0 |
_aElections _zDominican Republic _vStatistics. |
|
| 942 |
_2lcc _cbk |
||
| 999 |
_c18588 _d18588 |
||